O výsledkoch hospodárskej spolupráce SR - Portugalsko
Celkový prehľad týkajúci sa osobnej spotreby, zahraničného obchodu, spracovateľského priemyslu, inflácie a meny. Hrubý spoločenský produkt. Vývoz a dovoz vo vzájomnom zahraničnom obchode. Slovensko-portugalské ekonomické vzťahy.
Salvato in:
| Autore principale: | |
|---|---|
| Natura: | Capitolo di libro |
| Lingua: | slovacco |
| Soggetti: | |
| Tags: |
Nessun Tag, puoi essere il primo ad aggiungerne!!
|
MARC
| LEADER | 00000naa a2200000 4500 | ||
|---|---|---|---|
| 001 | r000165 | ||
| 005 | 20221213122929.6 | ||
| 041 | 0 | |a slo | |
| 044 | |a SK | ||
| 245 | 1 | 0 | |a O výsledkoch hospodárskej spolupráce SR - Portugalsko |c P. Kosnáč |
| 520 | |a Celkový prehľad týkajúci sa osobnej spotreby, zahraničného obchodu, spracovateľského priemyslu, inflácie a meny. Hrubý spoločenský produkt. Vývoz a dovoz vo vzájomnom zahraničnom obchode. Slovensko-portugalské ekonomické vzťahy. | ||
| 610 | 2 | 0 | |a spolupráca hospodárska medzinárodná |
| 610 | 2 | 0 | |a Slovensko |
| 610 | 2 | 0 | |a Portugalsko |
| 610 | 2 | 0 | |a 1992-1993 |
| 610 | 2 | 0 | |a obchod zahraničný |
| 610 | 2 | 0 | |a priemysel spracovateľský |
| 610 | 2 | 0 | |a nezamestnanosť |
| 610 | 2 | 0 | |a inflácia |
| 610 | 2 | 0 | |a mena |
| 610 | 2 | 0 | |a produkt spoločenský hrubý |
| 610 | 2 | 0 | |a vývoz |
| 610 | 2 | 0 | |a dovoz |
| 100 | 1 | |a Kosnáč, P. | |